| 000 | 00424cam a2200181ua 4500 | ||
|---|---|---|---|
| 020 | _c5.00 | ||
| 041 |
_amal _h |
||
| 082 |
_a320.58 G _bGAN/VI |
||
| 100 |
_aGandhi, M K. _94546 |
||
| 245 |
_aVidyabhasam / _cM K Gandhi. _hTextual Documents |
||
| 260 |
_aThiruvananthapuram : _bGandhi Smaraka Nidhi , _c1962. |
||
| 300 | _a342 ; . | ||
| 365 | _a5.00 | ||
| 504 | _a | ||
| 942 | _cBK | ||
| 999 |
_c4842 _d4842 |
||
| 003 | |||